MARC details
| 000 -LEADER |
| fixed length control field |
02808cgm a2200517Ka 4500 |
| 001 - CONTROL NUMBER |
| control field |
ocn642056931 |
| 003 - CONTROL NUMBER IDENTIFIER |
| control field |
OCoLC |
| 005 - DATE AND TIME OF LATEST TRANSACTION |
| control field |
20241220130024.0 |
| 008 - FIXED-LENGTH DATA ELEMENTS--GENERAL INFORMATION |
| fixed length control field |
100616p20102009cau617 vleng d |
| 007 - PHYSICAL DESCRIPTION FIXED FIELD--GENERAL INFORMATION |
| fixed length control field |
vd cvaizq |
| 040 ## - CATALOGING SOURCE |
| Original cataloging agency |
TEFMT |
| Transcribing agency |
TEFMT |
| Modifying agency |
TEF |
| -- |
DPL |
| -- |
EINCP |
| -- |
ZPX |
| -- |
JP3 |
| -- |
UINTA |
| 024 1# - OTHER STANDARD IDENTIFIER |
| Standard number or code |
024543679936 |
| 028 41 - PUBLISHER NUMBER |
| Publisher number |
2267993 |
| Source |
20th Century Fox |
| 035 ## - SYSTEM CONTROL NUMBER |
| System control number |
(OCoLC)642056931 |
| 037 ## - SOURCE OF ACQUISITION |
| Source of stock number/acquisition |
Midwest Tape |
| Note |
http://www.midwesttapes.com |
| 041 1# - LANGUAGE CODE |
| Language code of text/sound track or separate title |
eng |
| -- |
fre |
| -- |
spa |
| -- |
por |
| Language code of original and/or intermediate translations of text |
eng |
| 050 #4 - LIBRARY OF CONGRESS CALL NUMBER |
| Classification number |
PN1992.77 |
| Item number |
.W45 2010 |
| 092 0# - LOCALLY ASSIGNED DEWEY CALL NUMBER (OCLC) |
| Classification number |
791.45/72 |
| Edition number |
22 |
| 049 ## - LOCAL HOLDINGS (OCLC) |
| Holding library |
UCLB |
| 092 ## - LOCALLY ASSIGNED DEWEY CALL NUMBER (OCLC) |
| Classification number |
791.457 |
| 245 00 - TITLE STATEMENT |
| Title |
White collar. |
| Number of part/section of a work |
The complete first season |
| Medium |
[videorecording] / |
| Statement of responsibility, etc |
Fox Television Studios. |
| 260 ## - PUBLICATION, DISTRIBUTION, ETC. (IMPRINT) |
| Place of publication, distribution, etc |
Beverly Hills, Calif. : |
| Name of publisher, distributor, etc |
20th Century Fox Home Entertainment, |
| Date of publication, distribution, etc |
c2010. |
| 300 ## - PHYSICAL DESCRIPTION |
| Extent |
4 videodiscs (617 min.) : |
| Other physical details |
sd., col. ; |
| Dimensions |
4 3/4 in. |
| 538 ## - SYSTEM DETAILS NOTE |
| System details note |
DVD, widescreen (1.78:1 aspect ratio), Dolby Digital 5.1, dual layer, region 1, NTSC. |
| 546 ## - LANGUAGE NOTE |
| Language note |
English dialogue; French, Spanish or Portuguese subtitles. Closed captioned for the hearing impaired. |
| 511 1# - PARTICIPANT OR PERFORMER NOTE |
| Participant or performer note |
Matt Bomer, Tim DeKay, Tiffani Thiessen. |
| 500 ## - GENERAL NOTE |
| General note |
14 episodes originally broadcast during the 2009-2010 television season. |
| 520 ## - SUMMARY, ETC. |
| Summary, etc |
Charming con man Neal Caffrey escapes from a maximum security prison, only to be recaptured by his nemesis, FBI Agent Peter Burke. With few options, Caffrey agrees to help the bureau bring down other elusive criminals in exchange for his eventual freedom. But before long, Caffrey finds himself playing a game of cat and mouse with those who want him back in prison or dead. |
| 505 00 - FORMATTED CONTENTS NOTE |
| Miscellaneous information |
Disc 1. |
| -- |
Pilot ; |
| Title |
Threads ; |
| -- |
Books of hours -- |
| Miscellaneous information |
Disc 2. |
| Title |
Flip of the coin ; |
| Miscellaneous information |
The |
| Title |
portrait ; |
| -- |
All in ; |
| -- |
Free fall -- |
| Miscellaneous information |
Disc 3. |
| Title |
Hard sell ; |
| -- |
Bad judgement [sic]; |
| -- |
Vital signs ; |
| -- |
Home invasion -- |
| Miscellaneous information |
Disc 4. |
| Title |
Bottlenecked ; |
| -- |
Front man ; |
| -- |
Out of the box ; |
| Miscellaneous information |
Special features. |
| 500 ## - GENERAL NOTE |
| General note |
Special features: Exclusive featurettes Pro and Con, A Cool Cat in the Hat, Nothing But the Truth ; Gag reel ; Deleted scenes ; Audio commentary on selected episodes. |
| 650 #0 - SUBJECT ADDED ENTRY--TOPICAL TERM |
| Topical term or geographic name as entry element |
Swindlers and swindling |
| Form subdivision |
Drama. |
| 9 (RLIN) |
5704141 |
| 610 10 - SUBJECT ADDED ENTRY--CORPORATE NAME |
| Corporate name or jurisdiction name as entry element |
United States. |
| Subordinate unit |
Federal Bureau of Investigation |
| Form subdivision |
Drama. |
| 9 (RLIN) |
5725950 |
| 655 #0 - INDEX TERM--GENRE/FORM |
| Genre/form data or focus term |
Action and adventure television programs. |
| 9 (RLIN) |
5676921 |
| 655 #0 - INDEX TERM--GENRE/FORM |
| Genre/form data or focus term |
Television series. |
| 9 (RLIN) |
6215420 |
| 655 #0 - INDEX TERM--GENRE/FORM |
| Genre/form data or focus term |
Video recordings for the hearing impaired. |
| 9 (RLIN) |
6215421 |
| 655 #0 - INDEX TERM--GENRE/FORM |
| Genre/form data or focus term |
DVD-Video discs. |
| 9 (RLIN) |
5673658 |
| 700 1# - ADDED ENTRY--PERSONAL NAME |
| Personal name |
Bomer, Matthew, |
| Dates associated with a name |
1977- |
| 9 (RLIN) |
74159 |
| 700 1# - ADDED ENTRY--PERSONAL NAME |
| Personal name |
DeKay, Tim, |
| Dates associated with a name |
1963- |
| 9 (RLIN) |
5908090 |
| 700 1# - ADDED ENTRY--PERSONAL NAME |
| Personal name |
Thiessen, Tiffani, |
| Dates associated with a name |
1974- |
| 9 (RLIN) |
74245 |
| 710 2# - ADDED ENTRY--CORPORATE NAME |
| Corporate name or jurisdiction name as entry element |
Fox Television Studios. |
| 9 (RLIN) |
5774162 |
| 710 2# - ADDED ENTRY--CORPORATE NAME |
| Corporate name or jurisdiction name as entry element |
Twentieth Century Fox Home Entertainment, Inc. |
| 9 (RLIN) |
61951 |
| 730 0# - ADDED ENTRY--UNIFORM TITLE |
| Uniform title |
White collar (Television program) |
| 9 (RLIN) |
5908093 |
| 942 ## - ADDED ENTRY ELEMENTS (KOHA) |
| Koha item type |
DVD |
| 994 ## - |
| -- |
C0 |
| -- |
UINTA |
| 998 ## - LOCAL CONTROL INFORMATION (RLIN) |
| -- |
a139187 |